<?xml version="1.0" encoding="UTF-8"?><?xml-stylesheet type="text/xsl" href="static/style.xsl"?><OAI-PMH xmlns="http://www.openarchives.org/OAI/2.0/" xmlns:xsi="http://www.w3.org/2001/XMLSchema-instance" xsi:schemaLocation="http://www.openarchives.org/OAI/2.0/ http://www.openarchives.org/OAI/2.0/OAI-PMH.xsd"><responseDate>2026-04-13T01:20:32Z</responseDate><request verb="GetRecord" identifier="oai:www.recercat.cat:10459.1/57200" metadataPrefix="marc">https://recercat.cat/oai/request</request><GetRecord><record><header><identifier>oai:recercat.cat:10459.1/57200</identifier><datestamp>2024-12-05T22:09:12Z</datestamp><setSpec>com_2072_3622</setSpec><setSpec>col_2072_479130</setSpec></header><metadata><record xmlns="http://www.loc.gov/MARC21/slim" xmlns:dcterms="http://purl.org/dc/terms/" xmlns:xsi="http://www.w3.org/2001/XMLSchema-instance" xmlns:doc="http://www.lyncode.com/xoai" xsi:schemaLocation="http://www.loc.gov/MARC21/slim http://www.loc.gov/standards/marcxml/schema/MARC21slim.xsd">
   <leader>00925njm 22002777a 4500</leader>
   <datafield ind2=" " ind1=" " tag="042">
      <subfield code="a">dc</subfield>
   </datafield>
   <datafield ind2=" " ind1=" " tag="720">
      <subfield code="a">Sentís, Josep M.</subfield>
      <subfield code="e">author</subfield>
   </datafield>
   <datafield ind2=" " ind1=" " tag="720">
      <subfield code="a">Solsona Tehàs, Francesc</subfield>
      <subfield code="e">author</subfield>
   </datafield>
   <datafield ind2=" " ind1=" " tag="720">
      <subfield code="a">Castellà Martínez, Damià</subfield>
      <subfield code="e">author</subfield>
   </datafield>
   <datafield ind2=" " ind1=" " tag="720">
      <subfield code="a">Rius Torrentó, Josep Maria</subfield>
      <subfield code="e">author</subfield>
   </datafield>
   <datafield ind2=" " ind1=" " tag="260">
      <subfield code="c">2016-06-14T11:09:43Z</subfield>
   </datafield>
   <datafield ind2=" " ind1=" " tag="260">
      <subfield code="c">2025-01-01</subfield>
   </datafield>
   <datafield ind2=" " ind1=" " tag="260">
      <subfield code="c">2014</subfield>
   </datafield>
   <datafield ind2=" " ind1=" " tag="520">
      <subfield code="a">CodiP2P and DisCoP are two peer-to-peer (P2P) computing overlays&#xd;
aimed at sharing computing resources (CPU, Memory, etc.) to execute parallel applications.&#xd;
Their component nodes are basically PC’s and a wide range of computer servers,&#xd;
desktops or laptops. This paper joins these two platforms into a new one, DisCoP2P,&#xd;
to combine the features from both overlays. CodiP2P is highly scalable, and DisCoP&#xd;
has an efficient searching mechanism and the ability to classify computing resources.&#xd;
The new platform takes advantage of these features and uses them to offer new facilities&#xd;
to schedule and execute parallel applications efficiently. This is accomplished&#xd;
at null cost because the platform is made up of nodes that share resources for free.&#xd;
This research field can also be classified in desktop computing. The success of this&#xd;
platform depends greatly on the added overhead. This overhead is produced mainly in&#xd;
searching for resources and system administration. The obtained results in a preliminary&#xd;
prototype, although not sufficiently conclusive, demonstrate the applicability of&#xd;
DisCoP2P in the real world, i.e. Internet.</subfield>
   </datafield>
   <datafield ind2=" " ind1=" " tag="520">
      <subfield code="a">This work was supported by the MEyC under contract TIN2011-28689-C02-02. Authors are members of the research group 2009 SGR145, funded by the Generalitat de Catalunya.</subfield>
   </datafield>
   <datafield ind1="8" ind2=" " tag="024">
      <subfield code="a">http://hdl.handle.net/10459.1/57200</subfield>
   </datafield>
   <datafield tag="653" ind2=" " ind1=" ">
      <subfield code="a">Peer-to-Peer</subfield>
   </datafield>
   <datafield tag="653" ind2=" " ind1=" ">
      <subfield code="a">CodiP2P</subfield>
   </datafield>
   <datafield tag="653" ind2=" " ind1=" ">
      <subfield code="a">DisCoP</subfield>
   </datafield>
   <datafield tag="653" ind2=" " ind1=" ">
      <subfield code="a">P2P searching</subfield>
   </datafield>
   <datafield ind2="0" ind1="0" tag="245">
      <subfield code="a">DisCoP2P: an efficient P2P computing overlay</subfield>
   </datafield>
</record></metadata></record></GetRecord></OAI-PMH>